00699nam a22002057a 450000500170000001000150001702000260003203500140005803700090007208200100008110000220009124500450011326000420015827000340020030000310023470000310026594200240029699900190032095201540033920241001163907.0 aENG-141861 a9788192060806c230.00 aEN-125393 bDBAD a380.1 aPrasad, G.972285 aMarketing/cby G. Prasad [and] V. Jyothi aGunturbJai Bharath Publishers c2018 a2/18 Brodiepet, Guntur-522002 aVarious Pagingsc26cm.(pb) aJyothi, V. eAuthor972286 2ddccENh380.1mPRA c206064d206064 001040708NFICaBNbBNd2024-10-01eDelivery of Books Act Divisiong230.00l0o380.1 PRApEN-125393r2024-10-01 00:00:00t1v230.00w2024-10-01yEN